Conciencia y acciones de consumo responsable en los jóvenes univfersitarios (Registro nro. 17842)

Detalles MARC
000 -LEADER
fixed length control field 00489 a2200145 4500
001 - CONTROL NUMBER
control field ART_46037
005 - DATE AND TIME OF LATEST TRANSACTION
control field 20260410161731.0
008 - FIXED-LENGTH DATA ELEMENTS--GENERAL INFORMATION
fixed length control field 260409a
100 1# - MAIN ENTRY--PERSONAL NAME
Personal name Bianchi, Enrique Carlos
245 10 - TITLE STATEMENT
Title Conciencia y acciones de consumo responsable en los jóvenes univfersitarios
700 1# - ADDED ENTRY--PERSONAL NAME
Personal name Carmelé, Belén
700 1# - ADDED ENTRY--PERSONAL NAME
Personal name Tubaro, Darío
700 1# - ADDED ENTRY--PERSONAL NAME
Personal name Bruno, Juan Manuel
773 0# - HOST ITEM ENTRY
Title Escritos contables y de administración
Related parts - Vol. 4, Nº1 (ene./jun. 2013)
Record control number REV2758

No hay ítems disponibles.